Freedom through Christ: (Record no. 5802)

000 -LEADER
fixed length control field 00640nam a2200193 a 4500
001 - CONTROL NUMBER
control field :::00003544$&:&@@
003 - CONTROL NUMBER IDENTIFIER
control field OkBaRHE
005 - DATE AND TIME OF LATEST TRANSACTION
control field 20000607103307.0
008 - FIXED-LENGTH DATA ELEMENTS--GENERAL INFORMATION
fixed length control field s1979 j 000 0 eng u
040 ## - CATALOGING SOURCE
Transcribing agency
100 1# - MAIN ENTRY--PERSONAL NAME
Personal name Schroeder, Ruth Jones.
245 10 - TITLE STATEMENT
Title Freedom through Christ:
Remainder of title a study of Galatians.
260 ## - PUBLICATION, DISTRIBUTION, ETC. (IMPRINT)
Place of publication, distribution, etc Valley Forge, PA., :
Name of publisher, distributor, etc Judson Press
Date of publication, distribution, etc c1979
300 ## - PHYSICAL DESCRIPTION
Extent 95 p. ;
Dimensions 22 cm.
650 ## - SUBJECT ADDED ENTRY--TOPICAL TERM
Topical term or geographic name as entry element Bible New Testament Galatians
General subdivision Commentaries
650 ## - SUBJECT ADDED ENTRY--TOPICAL TERM
Topical term or geographic name as entry element Bible New Testament Galatians
General subdivision Study
942 ## - ADDED ENTRY ELEMENTS (KOHA)
Source of classification or shelving scheme
Koha item type Books
Copies
Barcode Damaged status Date acquired Date last seen Permanent Location Source of classification or shelving scheme Shelving location Withdrawn status Not for loan Copy number Full call number Lost status Price effective from Koha item type
3544 2010-04-142018-04-03RHEMA Bible Training College General Stacks  1BS 2685.3 .S37 2010-04-14Books